书目信息 |
| 题名: |
二十首情诗和一首绝望的歌
|
|
| 作者: | 聂鲁达 著 ;韦娜 , 赵适 译 | |
| 分册: | ||
| 出版信息: | 长春 时代文艺出版社 2024.01 |
|
| 页数: | 271页 | |
| 开本: | 21cm | |
| 丛书名: | ||
| 单 册: | ||
| 中图分类: | I784.25 | |
| 科图分类: | ||
| 主题词: | 诗集--智利--现代--中文--英文 | |
| 电子资源: | ||
| ISBN: | 978-7-5387-7399-6 | |
| 000 | 00876nam0 2200253 450 | |
| 001 | 012821448 | |
| 005 | 20251022150239.15 | |
| 010 | @a978-7-5387-7399-6@dCNY52.00 | |
| 100 | @a20240320d2024 em y0chiy0120 ea | |
| 101 | 2 | @achi@aeng@cspa |
| 102 | @aCN@b220000 | |
| 105 | @ay z 000gy | |
| 106 | @ar | |
| 200 | 1 | @a二十首情诗和一首绝望的歌@9er shi shou qing shi he yi shou jue wang de ge@dTwenty love poems and a song of despair@e英汉典藏版@f(智)巴勃罗·聂鲁达著@g韦娜,赵适译@zeng |
| 210 | @a长春@c时代文艺出版社@d2024.01 | |
| 215 | @a271页@d21cm | |
| 510 | 1 | @aTwenty love poems and a song of despair@zeng |
| 606 | 0 | @a诗集@y智利@z现代@j中文@j英文 |
| 690 | @aI784.25@v5 | |
| 701 | 0 | @c(智)@a聂鲁达@9nie lu da@4著 |
| 702 | 0 | @a韦娜@9wei na@4译 |
| 702 | 0 | @a赵适@9zhao shi@4译 |
| 801 | 0 | @aCN@c20250910 |
| 905 | @a河南城建学院图书馆@dI784.25@eN560-13@ZN560-13@f1 | |
| 二十首情诗和一首绝望的歌=Twenty love poems and a song of despair:英汉典藏版/(智)巴勃罗·聂鲁达著/韦娜,赵适译.-长春:时代文艺出版社,2024.01 |
| 271页;21cm |
| ISBN 978-7-5387-7399-6:CNY52.00 |
| ● |
| 相关链接 |
|
|
|
正题名:二十首情诗和一首绝望的歌
索取号:I784.25/N560-13
 
预约/预借
| 序号 | 登录号 | 条形码 | 馆藏地/架位号 | 状态 | 备注 |
| 1 | 1633892 | 216338924 | 文学库116/116文学库 30排6列5层/ [索取号:I784.25/N560-13] | 在馆 |